000 00601nam a2200193 i 4500
001 70275
003 ES-MaACL
005 20250928093945.0
007 t|
008 040721s1927 sp ||||1| spa d
100 1 _aGarcía Rey, Verardo.
_955172
245 1 0 _aNuevas noticias referentes al poeta Garcilaso de la Vega /
_cVerardo García Rey.
260 _aMadrid :
_bFototipia de Hauser y Menet,
_c1927.
300 _a40 p. ;
_c28 cm.
600 0 4 _aGarcilaso de la Vega,
_d1501-1536
_955471
710 2 _aHauser y Menet (Madrid)
_94558
852 _aES-MaACL
_j1711-F-13
999 _c70275
_d70275